Kejora

Bibliographic Details
Main Author: Ahadiat Akashah
Format: Book
Published: Kuala Lumpur : Melati Publisher Sdn.Bhd. , 1994
Subjects:

MARC

LEADER 00000cam a2200000 7i4500
001 0000007882
002 000008456
005 20000330.0
020 |a 9839806076 
090 0 0 |a F   |b AHA 
100 0 |a Ahadiat Akashah 
245 1 0 |a Kejora   |c Ahadiat Akashah 
260 |a Kuala Lumpur :   |b Melati Publisher Sdn.Bhd. ,   |c 1994 
300 |a 167p. ;   |c 18cm. 
650 0 0 |a Love stories, Malay 
999 |a 042329   |b BUKU   |c PINJAMAN   |e PERPUSTAKAAN KOMUNITI PETALING JAYA 
999 |a 054666   |b BUKU   |c FICTION   |e PERPUSTAKAAN KOMUNITI CAW KOTA DAMANSARA 
999 |a 054667   |b BUKU   |c FICTION   |e PERPUSTAKAAN KOMUNITI CAW KOTA DAMANSARA